Quiz sur le Haut-Rhin - Statistiques

Statistiques générales
  • Ce quiz a été pris 5 123 fois
  • Le résultat moyen est 13 sur 20
Statistiques - réponses
Question Réponse % Correct
Pays dont le Haut-Rhin faisait partie jusqu'en 1919 Allemagne
98%
Région à laquelle il appartenait jusqu'alors Alsace
98%
Région dans laquelle il se situe depuis 2016 Grand Est
97%
Seul autre pays frontalier du département Suisse
95%
Numéro du département 68
92%
Préfecture et deuxième ville la plus peuplée Colmar
91%
Sous-préfecture et plus grande ville du département Mulhouse
90%
Chaîne de montagnes à l'ouest du département Vosges
86%
Centrale nucléaire qui fut mise à l'arrêt en 2020 après 42 ans de services Fessenheim
63%
Point culminant du département, situé à proximité de Guebwiller Grand {Ballon}
62%
Département actuel qui appartenait de jure au Haut-Rhin jusqu'en 1922 Territoire de Belfort
62%
Commune du Haut-Rhin qui donne son nom à un fromage AOP local Munster
61%
Rivière majeure qui arrose ces deux villes avant de se jeter dans le Rhin Ill
48%
Meilleur gardien de handball de l'Histoire et sportif le plus titré de France Thierry Omeyer
44%
Infrastructure qui se trouve au tripoint entre le Haut-Rhin et ces deux pays un Aéroport
42%
Sculpteur principalement connu pour la Statue de la Liberté F. A. Bartholdi
41%
Troisième ville la plus peuplée, dans laquelle cette infrastructure se situe Saint-Louis
39%
Sous-préfecture commençant par T, située non loin de ce dernier Thann
39%
Sous-préfecture et capitale historique du Sundgau Altkirch
30%
Péplum culte de 1959 réalisé par William Wyler, né dans l'actuel Haut-Rhin Ben-Hur
26%
Aucun quiz correspondant
Distribution des résultats
% des personnes avec chaque résultat
Percentile par nombre de réponses
Votre historique - résultats
Vous n’avez pas pris ce quiz